| 000 | 02329cad a22002895a 4500 | ||
|---|---|---|---|
| 001 | L159080 | ||
| 008 | 071107s2010 xxk f 000 0 eng d | ||
| 020 | _a9781842196441 | ||
| 035 | _a(Sirsi) u159080 | ||
| 041 | 0 | _aeng | |
| 050 | 0 | 4 | _a333.332 $2 18 |
| 110 | 2 |
_aRoyal Institution of Chartered Surveyors _94900 |
|
| 245 | 0 | 4 |
_aThe capital and rental valuation of public houses, bars, restaurants and nightclubs in England and Wales _h[under review during 2024] |
| 260 |
_aLondon _bRICS _c2010 |
||
| 490 | 0 |
_aRICS Guidance Note _vGN 67/2010 |
|
| 505 | _aRICS Valuations Standards (the 'Red Book') -- RICS guidance notes -- Introduction -- Terms used in this guidance note -- Statutory issues -- Market analysis, comparables and factors affecting valuation -- Valuation methodology -- Rental valuations -- Tied lease market for public houses -- Investment valuations -- Valuation for loan security purposes -- Other property -- Confidentiality | ||
| 520 | _aSupersedes the Valuation Information Paper 2 The capital and rental valuation of restaurants, bars, public houses and nightclubs in England, Wales and Scotland, (ISBN 9781842192876). | ||
| 520 | _aSummaries of the statutory issues that impact on the use of licensed property. Provides an outline of the approach to market analysis, interpreting comparables and other factors affecting valuation. Explains the profits method of valuation, outlines the approach to the assessment of market rent, with an indication of common lease terms, and the state of the market at the valuation date, which may need consideration. Give guidance on the tied lease market for public houses with specific reference to the landlord?s Code of Practice for the operation of its tied properties, and on valuations for investment and secured lending. | ||
| 520 | _aRemoved from RICS.org in early 2024 when consultation for new edition was released. | ||
| 590 | _aKA | ||
| 650 | 2 | 4 | _aRICS VALUATION STANDARDS 7TH EDITION MAY 2011 |
| 650 | _aLICENSING ACT 2003 | ||
| 651 | 4 | _aENGLAND AND WALES | |
| 690 | _aPROPERTY-PROPERTY APPRAISAL AND VALUATION | ||
| 856 | 4 | 1 |
_uhttps://www.isurv.com/downloads/download/1269/the_capital_and_rental_valuation_of_public_houses_bars_restaurants_and_nightclubs_in_england_and_wales _zArchived on isurv (subscription required) |
| 942 |
_n0 _2ddc |
||
| 999 |
_c115666 _d115666 |
||